| 000 | 01246nam0a2200373 4500 | ||
|---|---|---|---|
| 001 | RU\NLR\bibl\440375 | ||
| 005 | 20250623174815.0 | ||
| 010 |
_a5-17-016976-0 _96000 |
||
| 021 |
_aRU _b2003-32309 _91530 |
||
| 035 | _a(NLR Aleph) 000434139 | ||
| 090 |
_a773051 _c773051 |
||
| 100 | _a20030826d2003 |||y0rusy50 ca | ||
| 101 | 0 | _arus | |
| 102 | _aRU | ||
| 105 | _ay ||||||||| | ||
| 200 | 1 |
_aКнига бытия _aМир информеров _e[Фантаст. повести] _fАлександр Шохов |
|
| 210 |
_aМ. _cАСТ _d2003 |
||
| 215 |
_a333, [2] с. _d17 |
||
| 225 | 1 |
_aЗвездный лабиринт _eЗЛ _vВып. 58 |
|
| 225 | 1 | _aБиблиотека фантастики "Сталкера" | |
| 610 | 0 | _aФантастические романы и рассказы (х. л.) | |
| 675 |
_a821.161.1-31Шохов _v3 _zrus |
||
| 686 |
_a17.82 _2rugasnti |
||
| 686 |
_a84(4Укр)-44 _2rubbk |
||
| 686 | _aШ6(2=Р)75-445 | ||
| 700 | 1 |
_aШохов _bА. С. _gАлександр Сергеевич _4070 |
|
| 801 | 0 |
_aRU _bRKP _c20030826 _gPSBO |
|
| 801 | 1 |
_aRU _bRKP _c20030826 |
|
| 801 | 2 |
_aRU _bNLR _c20031008 _grcr |
|
| 942 | _cBOOK | ||
| 980 | _aNB | ||